Lionel Messi Filmography - Statistics

General Stats
  • This quiz has been taken 16 times
    6 since last reset
  • The average score is 3 of 38
Answer Stats
Type Year Name % Correct
Documentary 2014 Messi
83%
Documentary 2022 Messi
83%
Commercial 2011-2015 Adidas
33%
Commercial 2018-2021 Pepsi
33%
Documentary Mini-Series 2023 Beckham
17%
Documentary Series 2025 Copa América 2024: El Legado
17%
Music Video 2014 La La La (Brazil 2014)
17%
Commercial 2021 Lay's
17%
Commercial 2024 Michelob Ultra
17%
Music Video 2010 Waka Waka (This Time for Africa)
17%
Documentary Series 2013 60 Minutes
0%
Documentary Mini-Series 2024 Ángel Di María: Breaking Down the Wall
0%
Commercial 2019 Beko
0%
Documentary 2023 Campeones, La Gran Final
0%
Documentary Mini-Series 2023 Captains of the World
0%
Commercial 2015 Dick's Sporting Goods
0%
Commercial 2014-2019 Gatorade
0%
Documentary Series 2025 Kun by Agùero
0%
Documentary 2014 Lionel Messi Andres: Legendary
0%
TV Documentary 2023 Lionel Messi: Destiny
0%
TV Documentary 2010 Lionel Messi - Shine with Golden Feet
0%
Documentary 2020 Lionel Messi: The Greatest
0%
Short Documentary 2015 Lionel Messi - The Hard Way
0%
TV Show 2023 Los Protectores
0%
Documentary Series 2019 Matchday: Inside FC Barcelona
0%
Short Documentary 2008 Messi. ADN Blaugrana
0%
Documentary 2019 MessiCirque
0%
Documentary Series 2023 Messi Meets America
0%
Documentary Mini-Series 2024 Messi's World Cup: The Rise of a Legend
0%
Documentary 2006 Messi: Un Líder en Silencio
0%
Commercial 2014 Qatar Airways
0%
Documentary 2017 Ronaldo vs. Messi
0%
Documentary 2023 Soccer Soul
0%
TV Show 2024 Susana Giménez
0%
Short Documentary 2020 The World Cup Career of Lionel Messi
0%
Music Video 2023 Trofeo
0%
Documentary 2023 Written in the Stars: The Official Film of the FIFA World Cup Qatar 2022
0%
Commercial 2022-Present YPF
0%
No matching quizzes found
Score Distribution
Percent of People with Each Score
Percentile by Number Answered
Your Score History
You have not taken this quiz since the last reset